Palencia (Record no. 103453)

MARC details
000 -LEADER
campo de control de longitud fija 01084nam a2200265 i 4500
001 - NÚMERO DE CONTROL
campo de control 103453
003 - IDENTIFICADOR DE NÚMERO DE CONTROL
campo de control ES-MaACL
005 - FECHA Y HORA DE LA ÚLTIMA TRANSACCIÓN
campo de control 20251118170121.0
007 - CAMPO FIJO DE DESCRIPCIÓN FÍSICA--INFORMACIÓN GENERAL
campo de control de longitud fija t|
008 - DATOS DE LONGITUD FIJA--INFORMACIÓN GENERAL
campo de control de longitud fija 140305s2002 sp ||||1| spa d
020 ## - NÚMERO INTERNACIONAL ESTÁNDAR DEL LIBRO
Número Internacional Estándar del Libro 84-8012-407-5
080 ## - NÚMERO DE LA CLASIFICACIÓN DECIMAL UNIVERSAL
Número de la Clasificación Decimal Universal 913(460.183)
100 1# - ENTRADA PRINCIPAL--NOMBRE DE PERSONA
Nombre de persona Alcalde Crespo, Gonzalo.
9 (RLIN) 154463
245 10 - MENCIÓN DEL TÍTULO
Título Palencia
Resto del título : paisaje, patrimonio, palabra /
Mención de responsabilidad, etc. [textos, Gonzalo Alcalde, Rafael Martínez, Casilda Ordóñez ; fotos, Carlos Manuel Martín].
260 ## - PUBLICACIÓN, DISTRIBUCIÓN, ETC.
Lugar de publicación, distribución, etc. Trobajo del Camino (León) :
Nombre del editor, distribuidor, etc. Edilesa,
Fecha de publicación, distribución, etc. [2002]
300 ## - DESCRIPCIÓN FÍSICA
Extensión 255 p. :
Otras características físicas principalmente il. col. y n., mapa ;
Dimensiones 32 cm.
651 #4 - PUNTO DE ACCESO ADICIONAL DE MATERIA--NOMBRE GEOGRÁFICO
Nombre geográfico Palencia (Provincia)-
Subdivisión general Descripción.
9 (RLIN) 153448
700 1# - ENTRADA AGREGADA--NOMBRE PERSONAL
Nombre de persona Martínez, Rafael Ángel
9 (RLIN) 154464
700 1# - ENTRADA AGREGADA--NOMBRE PERSONAL
Nombre de persona Ordóñez Ferrer, Casilda,
Fechas asociadas al nombre 1931-2009
9 (RLIN) 87201
700 1# - ENTRADA AGREGADA--NOMBRE PERSONAL
Nombre de persona Martín Jiménez, Carlos M.,
Fechas asociadas al nombre 1955-
9 (RLIN) 154465
852 ## - LOCALIZACIÓN
Ubicación ES-MaACL
Número de control de estantería A-13038
itemnumber 107328
Sublocalización o colección R.149902
Ubicación en estantería Depósito 1
Signatura antigua Olim: N-6038
Donativo/Legado Donación: Diputación de Palencia
914 ## - NOMBRE ENTIDAD DE DONANTE
RLIN 6107
Nombre de congreso/reunión o jurisdicción como elemento de entrada Palencia (Provincia).
Unidad subordinada Donante
942 ## - ELEMENTOS DE ENTRADA SECUNDARIOS (KOHA)
Fuente del sistema de clasificación o colocación Clasificación decimal universal
Tipo de ítem Koha Libro impreso
Holdings
Estatus retirado Estado de pérdida Fuente del sistema de clasificación o colocación Estado de daño No para préstamo Biblioteca de origen Biblioteca actual Ubicación en estantería Fecha de adquisición Fuente de adquisición Total de préstamos Signatura topográfica completa Código de barras Visto por última vez Precio de reemplazo Tipo de ítem Koha
    Clasificación decimal universal     Biblioteca del Ateneo de Madrid Biblioteca del Ateneo de Madrid Depósito 1 17/01/2008 Donación   A-13038 1108020 23/02/2023 23/02/2023 Libro impreso